Weed interference on productivity of bell pepper crops (Registro n. 5013)
[ somente texto ]
| 000 -LÍDER | |
|---|---|
| fixed length control field | 03642nab a2200289 i 4500 |
| 003 - CÓDIGO MARC DA AGÊNCIA CATALOGADORA | |
| Campo de controle | BR-BrBNA |
| 005 - DATA E HORA DA ÚLTIMA ATUALIZAÇÃO | |
| Campo de controle | 20230905135957.0 |
| 008 - CAMPO DE TAMANHO FIXO | |
| fixed length control field | 230410b2018 bl.ar|pooa||| 00| 0 eng | |
| 040 ## - FONTE DA CATALOGAÇÃO | |
| Agência catalogadora | BR-BrBNA |
| Idioma da catalogação | eng |
| 072 ## - CATEGORIA AGRIS | |
| Código AGRIS | H60 |
| 100 ## - ENTRADA PRINCIPAL - NOME PESSOAL | |
| Nome pessoal | Uljol, L.H.O. |
| 100 ## - ENTRADA PRINCIPAL - NOME PESSOAL | |
| Nome pessoal | Bianco, S. |
| 100 ## - ENTRADA PRINCIPAL - NOME PESSOAL | |
| Nome pessoal | Filho, A.B.C. |
| 100 ## - ENTRADA PRINCIPAL - NOME PESSOAL | |
| Nome pessoal | Bianco, M.S. |
| 100 ## - ENTRADA PRINCIPAL - NOME PESSOAL | |
| Nome pessoal | Carvalho, L.B. |
| 245 ## - TÍTULO PRINCIPAL | |
| Título principal | Weed interference on productivity of bell pepper crops |
| 500 ## - NOTA GERAL | |
| Nota geral | Publicação on-line; 23 ref.; 2 tables; 14 illus.; Summaries (En, Pt) |
| 942 ## - ADDED ENTRY ELEMENTS (KOHA) | |
| Koha item type | |
| 520 ## - NOTA DE RESUMO | |
| Nota de conteúdo | <br/><br/>ABSTRACT - The objective of this work was to determine the interference periods<br/>of weeds of the bell pepper cultivar ‘Dahra’. Two experiments were conducted during<br/>the years 2014/15 (harvest with lower rainfall) and 2015/16 (harvest with higher rainfall).<br/>The treatments consisted of 11 growing periods of cohabitation and weed control<br/>with ‘Dahra’ bell peppers: 14, 28, 42, 56, 70, 84, 98, 112, 126, 140 and 154 days after<br/>transplanting (DAT). For the determination of the interference periods, the<br/>productivity data were analyze using the Boltzmann sigmoidal regression model.<br/>The main weeds were Eleusine indica, Brachiaria plantaginea, Digitaria nuda<br/>and Nicandra physaloides for presenting high biomass and relative density. The<br/>concomitance of these weeds caused losses of up to 85.22% (2014/15) and 86.2%<br/>(2015/16) in the fruit yield. It was found that, respectively, for the years 2014/15 and<br/>2015/16, the period before the interference was 17 and 11 DAT, and the total<br/>interference prevention period of 71 and 89 DAT. Considering a tolerance of 5% in<br/>reducing bell pepper yield, it is recommended that weed control be performed from 11<br/>to 89 DAT.<br/><br/>Keywords: Capsicum annuum, competition, coexistence. |
| 520 ## - NOTA DE RESUMO | |
| Nota de conteúdo | <br/><br/>RESUMO - Objetivou-se com este trabalho determinar os períodos de interferência<br/>de plantas daninhas infestantes do pimentão cultivar Dahra. Dois experimentos<br/>foram conduzidos durante os anos 2014/15 (safra com menor precipitação<br/>pluviométrica) e 2015/16 (safra com maior precipitação pluviométrica). Os<br/>tratamentos consistiram de 11 períodos crescentes de convivência e controle das<br/>plantas daninhas com o pimentão Dahra: 14, 28, 42, 56, 70, 84, 98, 112, 126, 140<br/>e 154 dias após o transplantio (DAT). Para a determinação dos períodos de<br/>interferência, os dados de produtividade foram analisados utilizando o modelo de<br/>regressão sigmoidal de Boltzmann. As principais plantas daninhas foram Eleusine<br/>indica, Brachiaria plantaginea, Digitaria nuda e Nicandra physaloides, por<br/>apresentarem alta biomassa e densidade relativa. A convivência com as plantas<br/>daninhas provocou perdas na produtividade de frutos de 85,22% (2014/15) e<br/>86,2% (2015/16). Constatou-se que, respectivamente, para os anos 2014/15 e<br/>2015/16, o período anterior à interferência foi dos 17 aos 11 DAT, e o período<br/>total de prevenção à interferência, dos 71 aos 89 DAT. Considerando uma<br/>tolerância de 5% na redução da produtividade do pimentão, recomenda-se que o<br/>controle das plantas daninhas seja realizado de 11 a 89 DAT.<br/><br/>Palavras-chave: Capsicum annuum, competição, convivência |
| 650 ## - ASSUNTO - THESAGRO | |
| Cabeçalho tópico ou nome geográfico | CAPSICUM ANNUUM |
| 650 ## - ASSUNTO - THESAGRO | |
| Cabeçalho tópico ou nome geográfico | PIMENTÃO |
| 650 ## - ASSUNTO - THESAGRO | |
| Cabeçalho tópico ou nome geográfico | ERVA DANINHA |
| 773 0# - ENTRADA ANALÍTICA | |
| Host Biblionumber | 886 |
| Registro do item | 1815 |
| Imprenta | Londrina-PR : Sociedade Brasileira da Ciência das Plantas Daninhas, 1978 |
| Outro identificador | 2023-031022 |
| Título | Planta Daninha (Brazil) |
| ISSN | 0100-8358; 1806-9681 (on-line) |
| Colação | v. 36 p. 1-12; (2018) |
| Número de controle de registro | BR2023000047 |
| 856 ## - ACESSO E ENDEREÇO ELETRÔNICO | |
| Identificador uniforme de recurso - URI | https://www.scielo.br/j/pd/a/BrW79kvJG8QS4bzvtg5jstj/?format=pdf&lang=en |
Nenhum exemplar disponível.

BINAGRI